An introduction to mathematical analysis

Enregistré dans:
Détails bibliographiques
Auteur principal: Bear, H.S (Auteur)
Format: Livre
Langue:anglais
Publié: San Diego : Academic Press, 1997
Sujets:
Tags: Ajouter un tag
Pas de tags, Soyez le premier à ajouter un tag!

MARC

LEADER 00000nam a22000003a 4500
001 stu25039
005 20150617225743.3
008 980304s1997------------------------eng-d
020 |a 0-12-083940-7 
040 |a STU  |b slo 
041 0 |a eng 
080 |a 517  |7 stu_us_auth*stu8334 
084 |a B0220  |2 INS 
084 |a C1120  |2 INS 
084 |a A0230  |2 INS 
100 1 |a Bear, H.S.  |4 aut 
245 1 |a An introduction to mathematical analysis 
260 |a San Diego :  |b Academic Press,  |c 1997 
300 |a 252 s 
650 7 |a matematická analýza  |2 stusub 
996 |b E81841  |c E*81841  |l EELSDV  |s P  |a 0  |w stu25039_0001